000 00450nam a22001697a 4500
003 NUST - PNEC
005 20170116180832.0
008 150801b xxu||||| |||| 00| 0 eng d
020 _a0070276846
040 _cLIBRARY
082 _a519.402 HEA
100 _94713
_aHeath, Michael T.
245 _aScientific computing : an introductory survey
_cMichael T. Heath
260 _cC1997.
650 _94720
_aNumerical analysis
_xME
942 _2ddc
_cBK
999 _c64071
_d64071